Africa Dimensionally Quiz Stats

 Plays Quiz not verified by Sporcle

Score 0/20 Timer 05:00
1 Play Today
Country (H)orizontal or (V)ertical % Correct
Madagascar???
91%
Togo???
90.6%
Tunisia???
89.1%
The Gambia???
88.7%
Malawi???
88.1%
Central African Republic???
85.4%
Burkina Faso???
85%
Ghana???
83.5%
Chad???
81.7%
Zambia???
80.4%
Country (H)orizontal or (V)ertical % Correct
Angola???
78.6%
Cameroon???
75.8%
Ethiopia???
65.2%
Libya???
63.9%
Kenya???
61.6%
Nigeria???
59.8%
Swaziland???
41.3%
Algeria???
40%
Sierra Leone???
35.5%
Egypt???
32.6%

You're not logged in!

Compare scores with friends on all Sporcle quizzes.
OR
Log In

Sporcle TV

Today on Sporcle TV


Watch our educational content, quiz creation guides, and fun videos on Sporcle TV.

Show Comments

Extras

Top Quizzes Today


Score Distribution

Your Account Isn't Verified!

In order to create a playlist on Sporcle, you need to verify the email address you used during registration. Go to your Sporcle Settings to finish the process.

Report this User

Report this user for behavior that violates our Community Guidelines.

Details: